Fussball Bundesliga A-Z - Statistiken

Allgemein
  • Dieses Quiz wurde 110 mal gespielt
    38 seit der letzten Aktualisierung
  • Das Durchschnittsergebnis liegt bei 18 aus 26
Antwortstatistiken
AZ Frage Antwort % Korrekt
B Welche Mannschaft hält den Rekord mit den meisten Bundesliga Titeln? FC Bayern München
100%
F Wie lautet der Spitzname von Borussia Mönchengladbach? Die Fohlen
94%
N Welche Mannschaft trägt den Spitznamen „Der Club“? 1. FC Nürnberg
91%
A Wer war der einzige brasilianische Torschützenkönig der Bundesliga? Ailton
91%
G Welcher Spieler hat die meisten Tore der Bundesliga Geschichte erzielt? Gerd Müller
91%
L Welche Mannschaft ist in der Bundesliga-Geschichte als einzige in einer Saison ungeschlagen geblieben? Bayer 04 Leverkusen
85%
D Welche Mannschaft spielt im Rudolf-Harbig-Stadion? Dynamo Dresden
85%
J Welcher Trainer gewann mit dem FC Bayern München 2012/2013 das Triple aus Bundesliga, DFB Pokal und UEFA Champions League? Jupp Heynckes
82%
S Welches Stadion in der Bundesliga hat die größte Zuschauer-Kapazität? Signal Iduna Park
82%
W Wie heißt das Stadion vom SV Werder Bremen? Weserstadion
82%
H Wie heißt der bislang teuerste Neuzugang in der Geschichte der Bundesliga? Harry Kane
79%
R Welcher Spieler hält den Rekord für die meisten Tore (41) in einer Bundesliga Saison? Robert Lewandowski
79%
V Wie heißt der Hauptsponsor vom VFL Wolfsburg? Volkswagen
79%
P Welcher Spieler hält den Rekord für die meisten Tore, die er nach einer Einwechslung erzielt hat? (Jokertore) Nils Petersen
74%
O Wie heißt der Torhüter mit den meisten Bundesliga Einsätzen? Oliver Kahn
74%
T Welche Mannschaft gilt als die schlechteste der Bundesliga-Geschichte? Tasmania Berlin
74%
M Wie heißt der Spieler mit den meisten Einsätzen in der Bundesliga im 21. Jahrhundert? Manuel Neuer
68%
X Wie heißt die Statistik, die im Fußball angibt, wie wahrscheinlich ein Torschuss ein Tor wird? Xgoals
65%
C Wer hält den Rekord als ältester Bundesliga Torschütze jemals? Claudio Pizarro
59%
Z Welcher Spieler hat die meisten Spiele in der für Borussia Dortmund absolviert? Michael Zorc
53%
I Welcher deutsche Spieler hat im bisher einzigen deutschen Champions League Finale ein Tor erzielt? Ilkay Gündogan
50%
U Wie heißt der Trainer mit den meisten Bundesliga Titeln? Udo Lattek
47%
Y Wer ist der jüngste Torschütze in der Bundesliga jemals? Youssoufa Moukoko
47%
K Welcher Spieler erzielte 2014/15 das schnellste Tor der Bundesliga-Geschichte (nach 9 Sekunden)? Karim Bellarabi
38%
E Wer ist der schweizer Rekordspieler der Bundesliga? Nico Elvedi
32%
Q Wie hieß ein schwedischer Spieler vom FSV Mainz 05? Robin Quaison
26%
Keine übereinstimmenden Quizze gefunden
Verteilung der Resultate
Anzahl Personen mit jedem Resultat
Perzentil nach korrekt beantworteten Fragen
Ihre Resultats-Entwicklung
Sie haben dieses Quiz seit der letzten Aktualisierung nicht gespielt